The puppet masters (Record no. 220108)
[ view plain ]
| 000 -LEADER | |
|---|---|
| fixed length control field | 01449nam a2200313 a 4500 |
| 100 1# - MAIN ENTRY--AUTHOR NAME | |
| Personal name | Does de Willebois, Emile van der. |
| 245 14 - TITLE STATEMENT | |
| Title | The puppet masters |
| 260 ## - PUBLICATION, DISTRIBUTION, ETC. (IMPRINT) | |
| Place of publication | Washington D.C. : |
| Name of publisher | World Bank, |
| Year of publication | 2011. |
| 300 ## - PHYSICAL DESCRIPTION | |
| Number of Pages | xiii, 267 p. : |
| Other physical details | ill. |
| 500 ## - GENERAL NOTE | |
| General note | Stolen Asset Recovery Initiative. |
| 505 0# - FORMATTED CONTENTS NOTE | |
| Formatted contents note | pt. 1. The misuse of corporate vehicles -- pt. 2. The beneficial owner -- pt. 3. The beneficial owner -- pt. 4. Finding the beneficial owner. |
| 650 #0 - SUBJECT ADDED ENTRY--TOPICAL TERM | |
| Topical Term | Corporations |
| 856 40 - ELECTRONIC LOCATION AND ACCESS | |
| Uniform Resource Identifier | http://site.ebrary.com/lib/rucke/Doc?id=10513563 |
No items available.
